MARC

LEADER 00000nam0a2200000 4500
001 312463
005 20231102002504.0
035 |a (RuTPU)RU\TPU\book\337832 
090 |a 312463 
100 |a 20151223d1923 m y0rusy50 ca 
101 1 |a rus  |c ger 
102 |a DE  |a LV 
105 |a a j 001zy 
200 1 |a Основы термодинамики тепловых и холодильных машин  |f М. Реттингер  |g авторизованный перевод с последнего немецкого издания А. Геймана 
210 |a Берлин  |c Наука и жизнь  |a Рига  |c Наука и жизнь  |d 1923 
215 |a 139 с.  |c с 73 рисунками 
225 1 |a Русское издание "Библиотеки Гешен" 
300 |a Напечатано по заказу Государственного издательства 
316 |5 63413507: М-132611  |a На обложке и титульном листе владельческая подпись: "Бутаков" 
316 |5 63413507: М-132611  |a На титульном листе штамп книжного магазина 
317 |5 63413507: М-132611  |a Поступил в НТБ в 1970 г. в составе книжного собрания профессора ТПИ И. Н. Бутакова 
317 |5 63413507: 35//19  |a Поступил в НТБ в октябре 1905 г. в дар от профессора Н. В. Гутовского 
606 1 |a Тепловые машины  |x Термодинамические расчеты  |2 stltpush  |3 (RuTPU)RU\TPU\subj\59569  |9 77079 
610 1 |a холодильные машины 
610 1 |a термодинамика 
610 1 |a паровые машины 
610 1 |a двигатели внутреннего сгорания 
610 1 |a тепловые двигатели 
610 1 |a превращение энергии 
610 1 |a владельческие надписи 
610 1 |a Библиотека И. Н. Бутакова 
610 1 |a Коллекция Н. В. Гутовского 
675 |a 621.1.016.7  |v 4 
700 1 |a Реттингер  |b М. 
702 1 |a Гейман  |b А.  |4 730 
801 1 |a RU  |b 63413507  |c 20151223 
801 2 |a RU  |b 63413507  |c 20210601  |g RCR 
942 |c BK